|
|
|
|
| LEADER |
00736nam a22002412a 4500 |
| 001 |
001084365 |
| 003 |
CZ BrMZK |
| 005 |
20100611084957.0 |
| 007 |
ta |
| 008 |
100128s1907 xr a er|||||||||||cze d |
| 015 |
|
|
|a cnb000906054
|
| 035 |
|
|
|a (OCoLC)22154991
|
| 040 |
|
|
|a ABA001
|b cze
|c ULG001
|d BOA001
|
| 100 |
1 |
|
|a Wenig, Adolf,
|d 1874-1940
|7 jk01151571
|4 aut
|
| 245 |
1 |
0 |
|a Pověsti o hradech /
|c Adolf Wenig ; vypravil Jar. Benda
|
| 260 |
|
|
|a Praha :
|b Komenium,
|c 1907
|
| 300 |
|
|
|a 78 s. ;
|c 12°
|
| 700 |
1 |
|
|a Benda, Jaroslav,
|d 1882-1970
|7 jk01011524
|4 ill
|
| 910 |
|
|
|a BOA001
|b 1-0307.193
|
| 990 |
|
|
|a BK
|
| 993 |
|
|
|a Y
|
| 991 |
|
|
|b 201001
|
| 996 |
6 |
|
|b 2619341986
|c 1-0307.193
|l MZK
|r Sklad / do 1 hodiny
|n 4
|w 001107116
|u 000010
|a 1
|e BOA001
|j MZK50
|s P
|